| 000 | 01007nmm a2200301 a 4500 | ||
|---|---|---|---|
| 001 | ocm0002347837 | ||
| 003 | TR-IsHL | ||
| 005 | 20201028190038.0 | ||
| 008 | 191223s2019 tu tur | ||
| 007 | cr cn | ||
| 020 | _a9786052816295 | ||
| 035 |
_a2347837 _b(N$T) |
||
| 050 | 0 | 4 |
_aBP134.F6 _bÖ9 2019 |
| 090 | 0 | 4 |
_aBP134.F6 _bÖ9 2019 |
| 100 | 1 | _aÖzüçalişir, Abdullah | |
| 245 | 1 | 0 |
_aKur'ân'da mağfiret _h[electronic resource] / _cAbdullah Özüçalişir ; editör Adnan Akalın |
| 250 | _a1. Baskı | ||
| 260 |
_aİstanbul : _bHiperyayın, _c2019 |
||
| 300 | _a320 p. | ||
| 500 | _aKaynakça sayfa: 316-320. | ||
| 650 | 4 | _aFelsefe, Psikoloji ve Din | |
| 650 | 4 | _aPhilosophy, Psychology and Religion | |
| 650 | 0 |
_aDinsel yaşam _x islam |
|
| 650 | 0 |
_aReligious life _x Islam |
|
| 650 | 7 |
_aRELIGION / Islam / Rituals & Practice _2bisacsh |
|
| 700 | 1 | _aAkalın, Adnan | |
| 856 | 4 | 0 | _uhttp://search.ebscohost.com/login.aspx?direct=true&scope=site&db=e011xww&AN=2347837 |
| 999 |
_c21738 _d21738 |
||